00396nam a2200121Ia 4500008004100000245013500041260001700176260000900193300000800202650002300210650001200233856002900245170516s9999 xx 000 0 und d aLongitudinal Tracing of Spontaneous Regression and Anti-angiogenic Response of Individual Microadenomas during Colon Tumorigenesis bTheranostics c2015 a5:7 xMedical Technology xMedtech uhttp://www.thno.org/v5i7